01140 2200169 4500001002100000005001500021035002000036245004900056100002100105300002900126260004400155082000800199084001400207020002200221650001000243520071700253INLIS00000000000010820240506031105 a0010-05240000301 aWhy? Parasite :bParasit /cCheon, Yunkyeong0 aCheon, Yunkyeong a160 hlm :bilus ;c24 cm aJakarta :bElex Media Komputindo,c2020 a500 a500 CHE w a978-623-002-140-4 4aSains aApa yang kalian pikirkan saat mendengar kata parasit? Apakah kalian memikirkan makhluk menjijikkan yang menggeliat seperti cacing atau makhluk kotor yang ditemukan di kotoran manusia? Sebenarnya, parasit ada yang berbentuk seperti pita sepanjang 10 meter, kecil hingga tidak bisa dilihat dengan mata telanjang, berbentuk seperti cambuk atau bola rugbi, dan lain-lain. Parasit memiliki berbagai macam bentuk, ukuran, dan ciri khas. Ada yang sampai dapat mengancam nyawa, tetapi ada pula keberadaannya sama sekali tidak terasa padahal dia ada. Dunia ini penuh dengan parasit, dan kita hidup dikelilingi oleh mereka. Ayo cari tahu jenis-jenis, bahaya, dan manfaat parasit bagi kehidupan kita bersama Omji dan Komji!